Normal view MARC view

Entry Personal Name

Number of records used in: 1

001 - CONTROL NUMBER

  • control field: 1236288

003 - CONTROL NUMBER IDENTIFIER

  • control field: OSt

005 - DATE AND TIME OF LATEST TRANSACTION

  • control field: 20260430150038.0

008 - FIXED-LENGTH DATA ELEMENTS

  • fixed length control field: 260430|| aca||aabn | a|a d

040 ## - CATALOGING SOURCE

  • Original cataloging agency: OSt
  • Transcribing agency: OSt

100 ## - HEADING--PERSONAL NAME

  • Personal name: Sharma Shivangi Au.; Behera Ranjit Gu

670 ## - SOURCE DATA FOUND

  • Source citation: Work cat.: (OSt)1848812: Sharma Shivangi Au.; Behera Ranjit Gu., Critical analysis of state of bovines in vedasand its relevance in modern context, 2022
Copyright @ Delhi University Library System